| 000 | 00473nam a2200181Ia 4500 | ||
|---|---|---|---|
| 003 | GCL | ||
| 008 | 140319s9999 xx 000 0 eng d | ||
| 040 |
_aGCL / _cGCL |
||
| 082 | 0 | 4 |
_a629.135 _bE A |
| 100 | 1 | _aEISMIN, THOMAS K. | |
| 245 | 1 | 0 |
_aAIRCRAFT ELECTRICITY & ELECTRONICS / _cEISMIN, THOMAS K. |
| 260 |
_a[S.N] : _bMC GRAW - HILL ، _c1994 |
||
| 300 | _a417 P | ||
| 650 | 0 | 4 | _aELECTRIC EQUIPMENTS |
| 650 | 0 | 4 | _aAIR PLANES |
| 650 | 0 | 4 | _aAVIONICS |
| 942 |
_2ddc _cBK |
||
| 999 |
_c23898 _d23898 |
||